| 000 | 00771cab a22001935a 4500 | ||
|---|---|---|---|
| 001 | L143037 | ||
| 008 | 080214s2008 xxkad f s 000 0 eng d | ||
| 035 | _a(Sirsi) u143037 | ||
| 041 | 0 | _aeng | |
| 110 | 2 |
_aGlobalProperty _95528 |
|
| 245 | 0 | 0 | _aInvestors arrive in India via ports, airports and highways |
| 260 | _c2008 | ||
| 490 | 0 |
_aEuroProperty _vMarch 2008, 29(1) |
|
| 520 | _aReports that foreign investors from Asia, Australia, the United States and Europe are finding business opportunities in the modernisation of India's infrastructure. Finds that the economy is booming and that there will be over $450 billion of investment by 2012. | ||
| 590 | _aKA | ||
| 651 | 4 | _aIndia | |
| 690 | _aPROPERTY-COMMERCIAL PROPERTY-COMMERCIAL PROPERTY MARKET | ||
| 942 | _n0 | ||
| 999 |
_c80031 _d80031 |
||